Návrh a realizácia automatického spracovania objednávok v aplikácii Cramer4 = Suggestion and implementation of automatic provision orders in Cramer4 : Diplomová práca

Saved in:
Bibliographic Details
Main Author: Váni, Peter (Author)
Other Authors: Bartoš, Pavol (xxx)
Format: Manuscript Book
Language:Slovak
Published: Trnava : STU v Bratislave MTF UIAM, 2009
Tags: Add Tag
No Tags, Be the first to tag this record!

MARC

LEADER 00000ntm a22000003a 4500
001 stu181252
005 20160719154405.5
008 090310s2009----xo------------------slo-d
040 |a STU  |b slo 
041 0 |a slo 
044 |a xo 
100 1 |a Váni, Peter  |4 aut 
245 1 |a Návrh a realizácia automatického spracovania objednávok v aplikácii Cramer4 = Suggestion and implementation of automatic provision orders in Cramer4 :  |b Diplomová práca 
260 |a Trnava :  |b STU v Bratislave MTF UIAM,  |c 2009 
300 |a 89 s  |c príl (1 CD-ROM) 
500 |a Študijný program: automatizácia a informatizácia procesov 
500 |a Študijný odbor: 5.2.14 automatizácia 
700 1 |a Bartoš, Pavol  |4 xxx 
996 |b 284M069970  |c M*DP-7765  |l MMSKP  |s P  |a 0  |w stu181252_0001